000
00317nam a2200133Ia 4500
005
20260328104254.0
008
260328s9999||||xx |||||||||||||| ||und||
100
_a
Koepf, Hans
245
0
_a
La Arquitectura en sus Planos /
_c
Hans Koepf
260
_b
Cátedra
300
_a
298 p.
650
_a
HISTORIA
942
_c
BK
999
_c
10359
_d
10359